000 00432nam a2200169Ia 4500
005 20250508152854.0
008 008 250505s9999 xx 000 0 eng d
037 _aBooks to be hide in OPAC
040 _aFEDL
_beng
_cFEDL
041 _aeng
_2eng
084 _a040, PRA/O
_qFEDL
100 _aPrasad Rajendra
245 0 _aUnity of India
300 _a83p.
942 _cHB
_h040, PRA/O
999 _c1339323
_d1339323